گلوں میں رنگ بھرتے / (Record no. 107784)

MARC details
000 -LEADER
fixed length control field 00843nam a22002537a 4500
005 - DATE AND TIME OF LATEST TRANSACTION
control field 20170123162331.0
010 ## - LIBRARY OF CONGRESS CONTROL NUMBER
LC control number A-678469
020 ## - INTERNATIONAL STANDARD BOOK NUMBER
Terms of availability 75.00
035 ## - SYSTEM CONTROL NUMBER
System control number A-678469
037 ## - SOURCE OF ACQUISITION
Source of stock number/acquisition Cen Lib/Ret
040 ## - CATALOGING SOURCE
Original cataloging agency DPL
Language of cataloging UR
082 ## - DEWEY DECIMAL CLASSIFICATION NUMBER
Classification number ن
Item number س ن گ
100 ## - MAIN ENTRY--PERSONAL NAME
Personal name سنگر، ستیا پرکاش
9 (RLIN) 108471
245 ## - TITLE STATEMENT
Title گلوں میں رنگ بھرتے /
Statement of responsibility, etc ست پرکاش سنگر
246 ## - VARYING FORM OF TITLE
Title proper/short title Gulon meni rabg bharte /
Remainder of title by Sat Prakash Sangar
260 ## - PUBLICATION, DISTRIBUTION, ETC. (IMPRINT)
Place of publication, distribution, etc نیی دہلی
Name of publisher, distributor, etc موڈرن پبلشنگ ہاؤس
Date of publication, distribution, etc 1994
270 ## - ADDRESS
City نیی دہلی
Address ٩، گولہ مارکیٹ دریاگنج
Postal code 110002
300 ## - PHYSICAL DESCRIPTION
Extent 174p.
Dimensions 20cm(Hb)
650 ## - SUBJECT ADDED ENTRY--TOPICAL TERM
Topical term or geographic name as entry element ادب -- اردو
9 (RLIN) 139148
650 ## - SUBJECT ADDED ENTRY--TOPICAL TERM
Topical term or geographic name as entry element اردو ناول
9 (RLIN) 139149
650 ## - SUBJECT ADDED ENTRY--TOPICAL TERM
Topical term or geographic name as entry element Literature -- Urdu
9 (RLIN) 139150
650 ## - SUBJECT ADDED ENTRY--TOPICAL TERM
Topical term or geographic name as entry element Urdu Novel
9 (RLIN) 139151
942 ## - ADDED ENTRY ELEMENTS (KOHA)
Source of classification or shelving scheme Dewey Decimal Classification
Koha item type Urdu Bks
Classification part ن
Call number suffix س ن گ
Holdings
Withdrawn status Lost status Damaged status Not for loan Home library Current library Date acquired Source of acquisition Cost, normal purchase price Total Checkouts Full call number Barcode Date last seen Copy number Cost, replacement price Price effective from Koha item type
        Central Library Central Library 11/01/2016 Cen Lib/Ret 75.00   ن س ن گ A-678469 11/01/2016 1 75.00 11/01/2016 Urdu Bks

© Delhi Public Library
Hit Counter
free hit counter